00989nam a2200253 i 450000100060000000300090000600500170001500700030003200800410003508000260007608000320010224501380013426000430027230000320031550000320034760000440037965000560042365500480047971000280052785200330055594200080058899900170059695201220061314793ES-MaACL20230906150906.0t|990607s1995 sp ||||1| cat d a75.036(460.23)(064.3) a75 Gallart, Lluís (064.3)00a13 pintors catalans entorn a l'amic Lluís Gallart b: exposició homenatge, Museu de Calella, del 15 d'Abril al 9 de Maig de 1995. aCalella : bMuseu de Calella, c[1995] a[124] p. : bil. ; c16 cm. aTit. tomado de la cubierta.14aGallart, Lluís-vExposiciones.953506 4aPintura-zCataluña-yS.XX-vExposiciones.9148194 72tgfbne9193628aCatálogos de exposiciones2 aMuseu de Calella.95937 aES-MaACLjL-21953 bR.124965 2udc c14793d14793 00104070aATENEOMbATENEOMcDEPO2d2008-01-17eSCl0oL-21953p1015044r2023-02-23 00:00:00w2023-02-23yMONOGRAFIA